000 00316nam a22001217a 4500
008 230620b xxu||||| |||| 00| 0 eng d
082 _a327.17
_bKAR 2005
245 _aContemporary Security Policy
260 _bRoutledge Taylor & Francis Group
_c2005
300 _a384p
440 _n2
_v26
_x13523260
942 _2ddc
_cBK
999 _c1909
_d1909